Responses for show #3414 - Thursday, June 10, 1999

Contestants

Warren Barber Kertland, a registered nurse from Vancouver, Washington

Jack Winters, a technical writer from Monrovia, California

Ryan Thiel, a sign language interpreter from Minneapolis, Minnesota (whose 1-day cash winnings total $12,801)

Jeopardy! Round responses

1941
(Alex: You're all too young to remember!)
THIS & THAT
PEOPLE
BITS OF YOU
1960s POP MUSIC
AUTHORS' RHYME TIME
    $100 1
Dumbo

Jack
    $100 11
X

Warren
    $100 4
Liberace

Ryan
    $100 16
Ear

Ryan
    $100 21
The Beatles

Ryan
    $200 2
Douglas MacArthur

Ryan
    $200 12
Oregon Trail

Ryan
    $200 5
Roseanne Barr

Warren
    $200 17
Sternum

Ryan
    $200 22
Chubby Checker

Ryan
    $200 29
(buzzer sounds)

Ray's plays

Jack
    $300 3
"Chattanooga Choo Choo"

Jack
    $300 13
Fish

Ryan
    $300 6
John Stamos

Ryan
    $300 18
Pancreas

Ryan
    $300 23
(with about a minute to go...)

"Big Bad John"

Jack
    $300 26
Bret's bets

Warren
    $400 9
Chicago Bears

Ryan
    $400 14
(J: What is the Nile?)

Congo

RyanJack
    $400 7
Tracy Chapman

Ryan
    $400 19
Kneecap

Ryan
    $400 24
(W: What is the piano?)

Harmonica

JackWarren
    $400 27
Clark's arks

Warren
    $800 10
(R: Who is Mao Tse-tung?)

Ho Chi Minh

Ryan
    $500 15
Basil/Basel

Ryan
    $500 8
(J: Who is Prince William?)

Prince Harry (Henry)

RyanJack
    $500 20
Melanin

Warren
    $500 25
"Dominique"

Ryan
    $500 28
King's strings

Triple Stumper

Scores at the first commercial break (after clue 13):

Ryan Jack Warren
$1,600 -$100 $300

Scores at the end of the Jeopardy! Round:

Ryan Jack Warren
$4,300 $400 $1,100

Double Jeopardy! Round responses

NATIONS' MOST POPULOUS CITIES
1999 U.S. STAMPS
OH MAYAN GODS!
FILMS OF THE '50s
COLLEGE SPORTS NICKNAMES
VERB"LE"
    $200 19
Trains

Ryan
    $200 14
Fire

Ryan
    $200 1
Marty

Ryan
    $200 6
California

Ryan
    $200 9
Fumble

Jack
    $400 22
Richard Rodgers

Warren
    $400 15
Owl

Ryan
    $400 2
Gidget

Jack
    $400 7
Fighting

Jack
    $400 10
Fiddle

Jack
    $600 26
(R: What is Beijing?)

Shanghai

RyanJack
    $600 23
(R: Who is Al Jolson?)
(minute to go...)

James Cagney

RyanJack
    $600 16
Maize/corn

Ryan
    $600 3
The Golden Arm

Ryan
    $600 8
Bulldog

Warren
    $600 11
Whittle

Ryan
    $800 24
Malcolm X

Triple Stumper
    $800 17
Jaguar

Jack
    $800 4
(J: What is...oh?)
(W: What is "Citizen Kane?")

Touch of Evil

JackWarren
Triple Stumper
    $1,000 20
Lumberjills

Ryan
    $800 12
Warble

Jack
    $1000 27
(buzzer sounds)

Lagos

Warren
    $1,000 25
Ayn Rand

Jack
    $1000 18
(J: What is a tongue?)
(R: What is a mouth?)

Teeth

RyanJackWarren
    $1000 5
The Man in the Gray Flannel Suit

Jack
    $1000 21
Buckeye

Ryan
    $1000 13
Shuttle

Triple Stumper

Scores at the end of the Double Jeopardy! Round:

Ryan Jack Warren
$7,100 $4,800 $3,300

[wagering suggestions for these scores]

Final Jeopardy! Round responses

BUSINESS & INDUSTRY
WarrenWhat are White House napkins?
$2,000
JackWhat are U.S. Flags?
$3,000
RyanWhat are teddy Bears
$2,501
Teddy Bears (named after Theodore Roosevelt)

Final scores:

Ryan Jack Warren
$9,601 $1,800 $1,300
2-day champion: $22,402 2nd place: Trip to Wyndham Rose Hall Resort, Montego Bay, Jamaica 3rd place: Pair of Festina Watches

Game dynamics:

Coryat scores:

Ryan Jack Warren
$7,700 $4,800 $3,300
27 R
(including 1 DD),
4 W
(including 1 DD)
15 R
(including 1 DD),
4 W
9 R,
2 W

Combined Coryat: $15,800

The J! Archive is created by fans, for fans. The Jeopardy! game show and all elements thereof, including but not limited to copyright and trademark thereto, are the property of Jeopardy Productions, Inc. and are protected under law. This website is not affiliated with, sponsored by, or operated by Jeopardy Productions, Inc. Join the discussion at JBoard.tv.